[Event "Veracruz op 2nd"]
[Site "Xalapa"]
[Date "2024.04.27"]
[Round "5"]
[White "Vega Castaneda, Ulises Antonio"]
[Black "Cofre Archibold, Nestor"]
[Result "0-1"]
[WhiteElo "1924"]
[BlackElo "2258"]
[PlyCount "58"]
[EventDate "2024.04.25"]
[EventType "swiss"]
[EventRounds "6"]
[EventCountry "MEX"]
[SourceTitle "CB18_2024"]
[SourceDate "2024.05.01"]
[SourceVersion "1"]
[SourceVersionDate "2024.05.01"]
[SourceQuality "2"]

1. d4 c5 2. d5 e5 3. e4 d6 4. Nc3 Be7 5. Bb5+ Nd7 6. a4 a6 7. Bd3 Nf8 8. Nge2 Bg5 9. 0-0 Ng6 10. f4 exf4 11. Nxf4 Bxf4 12. Bxf4 N8e7 13. Kh1 Nxf4 14. Rxf4 Ng6 15. Rf2 Ne5 16. Qd2 Qh4 17. g3 Qe7 18. Be2 Bd7 19. b3 0-0 20. Kg2 f5 21. exf5 Bxf5 22. h3 Bxh3+ 23. Kg1 Rxf2 24. Kxf2 Qf6+ 25. Qf4 Qg6 26. Kg1 Rf8 27. Qe3 Rf3 28. Bxf3 Qxg3+ 29. Kh1 Bg2+ 0-1

[Event "Carlos Torre Memorial op 33rd"]
[Site "Merida"]
[Date "2023.12.18"]
[Round "8"]
[White "Vega Castaneda, Ulises Antonio"]
[Black "Miranda Rodriguez, Tania"]
[Result "1-0"]
[WhiteElo "1843"]
[BlackElo "2110"]
[PlyCount "63"]
[EventDate "2023.12.15"]
[EventType "swiss"]
[EventRounds "9"]
[EventCountry "MEX"]
[SourceTitle "CB52_2023"]
[SourceDate "2023.12.27"]
[SourceVersion "1"]
[SourceVersionDate "2023.12.27"]
[SourceQuality "1"]

1. d4 Nf6 2. Nc3 d5 3. Bg5 Bf5 4. e3 e6 5. g4 Bg6 6. h4 h6 7. Bxf6 Qxf6 8. h5 Bh7 9. Bd3 Bxd3 10. Qxd3 Nc6 11. f4 0-0-0 12. a3 g5 13. hxg6 fxg6 14. 0-0-0 Na5 15. Nf3 g5 16. Ne5 Bd6 17. fxg5 hxg5 18. Rhf1 Qg7 19. Nf7 Nc4 20. Nxd8 Kxd8 21. Rf3 Rh4 22. Rdf1 Rxg4 23. Rf7 Qg8 24. Nxd5 b5 25. Nxc7 Bf4 26. Nxe6+ Ke8 27. Rf8+ Qxf8 28. Nxf8 Bxe3+ 29. Kb1 Nd2+ 30. Ka2 Nxf1 31. Qxf1 Bxd4 32. Qxb5+ 1-0

[Event "Carlos Torre Memorial op 32nd"]
[Site "Merida"]
[Date "2022.12.18"]
[Round "5"]
[White "Miranda Rodriguez, Tania"]
[Black "Vega Castaneda, Ulises Antonio"]
[Result "1/2-1/2"]
[WhiteElo "2180"]
[BlackElo "1912"]
[PlyCount "48"]
[EventDate "2022.12.16"]
[EventType "swiss"]
[EventRounds "9"]
[EventCountry "MEX"]
[SourceTitle "CBM 212 Extra"]
[Source "ChessBase"]
[SourceDate "2023.03.31"]
[SourceVersion "1"]
[SourceVersionDate "2023.03.31"]
[SourceQuality "1"]

1. e4 Nc6 2. Nf3 e6 3. d4 d5 4. e5 Nge7 5. c3 f6 6. Bb5 Bd7 7. exf6 gxf6 8. 0-0 Ng6 9. Re1 Qe7 10. c4 dxc4 11. d5 Nce5 12. Nxe5 fxe5 13. Bxc4 Qh4 14. dxe6 Bc6 15. Bd5 0-0-0 16. Nc3 Bb4 17. Re4 Rxd5 18. Qxd5 Bxd5 19. Rxh4 Bxc3 20. Ra4 Bd4 21. Be3 Bxe3 22. fxe3 a6 23. Rf1 Bxe6 24. Rf6 Kd7 1/2-1/2

[Event "Carlos Torre Memorial op 32nd"]
[Site "Merida"]
[Date "2022.12.17"]
[Round "2"]
[White "Cervantes Landeiro, Thalia"]
[Black "Vega Castaneda, Ulises Antonio"]
[Result "1-0"]
[WhiteElo "2309"]
[BlackElo "1912"]
[PlyCount "61"]
[EventDate "2022.12.16"]
[EventType "swiss"]
[EventRounds "9"]
[EventCountry "MEX"]
[SourceTitle "CBM 212 Extra"]
[Source "ChessBase"]
[SourceDate "2023.03.31"]
[SourceVersion "1"]
[SourceVersionDate "2023.03.31"]
[SourceQuality "1"]

1. d4 d5 2. c4 Nc6 3. Nf3 Bg4 4. e3 e6 5. Nc3 Nf6 6. h3 Bxf3 7. Qxf3 Bb4 8. Bd2 Bxc3 9. Bxc3 Ne4 10. Bd3 Nxc3 11. bxc3 0-0 12. cxd5 exd5 13. 0-0 Ne7 14. e4 c6 15. Rfe1 Ng6 16. Rab1 dxe4 17. Bxe4 Rb8 18. g3 Qg5 19. Bc2 f5 20. Re6 f4 21. Bxg6 hxg6 22. g4 Rf6 23. Re5 Qh4 24. Rbe1 Rbf8 25. c4 Rd6 26. R1e4 Qf6 27. g5 Qd8 28. d5 cxd5 29. cxd5 Rxd5 30. Qb3 Rf5 31. Re8+ 1-0

[Event "Mexican op 64th"]
[Site "Aguascalientes"]
[Date "2018.03.27"]
[Round "1"]
[White "Vega Castaneda, Ulises Antonio"]
[Black "Alvarez Pedraza, Aramis"]
[Result "0-1"]
[WhiteElo "1978"]
[BlackElo "2470"]
[PlyCount "74"]
[EventDate "2018.03.27"]
[EventType "swiss"]
[EventRounds "9"]
[EventCountry "MEX"]
[SourceTitle "EXT 2019"]
[Source "ChessBase"]
[SourceDate "2018.10.10"]
[SourceVersion "1"]
[SourceVersionDate "2018.10.10"]
[SourceQuality "1"]

1. d4 Nf6 2. Nc3 d5 3. Bg5 Nbd7 4. Qd3 g6 5. f3 h6 6. Bf4 c6 7. e4 dxe4 8. fxe4 e5 9. Bxe5 Nxe5 10. dxe5 Ng4 11. Qxd8+ Kxd8 12. Nf3 Bg7 13. Bc4 Ke7 14. Ke2 b5 15. Bb3 a5 16. a3 Ba6 17. Nd1 a4 18. Ba2 b4+ 19. Ke1 bxa3 20. bxa3 Nxe5 21. Rb1 Rab8 22. Rb4 Rxb4 23. axb4 Rd8 24. Nd2 Rd4 25. b5 Bxb5 26. Nc3 Ba6 27. Nf3 Rb4 28. Kd2 Nxf3+ 29. gxf3 Be5 30. Nd1 Rd4+ 31. Ke3 Bc4 32. c3 Rd3+ 33. Ke2 Rxc3+ 34. Kd2 Rd3+ 35. Kc2 Rxd1 36. Rxd1 Bxa2 37. Rf1 Bb3+ 0-1